[Event "Parco del Taro op 1st"]
[Site "Collecchio"]
[Date "2004.03.14"]
[Round "5"]
[White "Mantovani, Mario"]
[Black "Franco, Antonello"]
[Result "0-1"]
[WhiteElo "1480"]
[BlackElo "1738"]
[PlyCount "88"]
[EventDate "2004.03.12"]
[EventType "swiss"]
[EventRounds "5"]
[EventCountry "ITA"]
[SourceTitle "EXT 2007"]
[Source "ChessBase"]
[SourceDate "2006.11.23"]
[SourceVersion "1"]
[SourceVersionDate "2006.11.23"]
[SourceQuality "1"]

1. d4 d5 2. Bf4 Nf6 3. Nf3 e6 4. e3 Bd6 5. Bg3 0-0 6. Bd3 c5 7. c3 Nc6 8. a3 cxd4 9. cxd4 Bxg3 10. hxg3 h6 11. Nbd2 Re8 12. Bb5 Qb6 13. Qa4 Bd7 14. Rc1 a6 15. Bxc6 Bxc6 16. Qb3 Qxb3 17. Nxb3 Bb5 18. Ne5 Rec8 19. f3 Ne8 20. Kd2 Nd6 21. Rxc8+ Rxc8 22. Rc1 Rxc1 23. Nxc1 f6 24. Ng4 Nf5 25. Ne2 Bxe2 26. Kxe2 Nxg3+ 27. Kf2 Nf5 28. Nh2 Nd6 29. b3 Kf7 30. Nf1 e5 31. dxe5 fxe5 32. Nd2 Ke6 33. Kg3 Kf5 34. Kf2 h5 35. g3 e4 36. f4 Kg4 37. a4 Nf5 38. Nf1 Ne7 39. Nh2+ Kf5 40. Nf1 Kg4 41. Nh2+ Kh3 42. Nf1 a5 43. Nd2 Nf5 44. Nf1 b6 0-1

[Event "Parco del Taro op 1st"]
[Site "Collecchio"]
[Date "2004.03.13"]
[Round "2"]
[White "Franco, Antonello"]
[Black "Salami, Marco"]
[Result "0-1"]
[WhiteElo "1738"]
[BlackElo "2172"]
[PlyCount "82"]
[EventDate "2004.03.12"]
[EventType "swiss"]
[EventRounds "5"]
[EventCountry "ITA"]
[SourceTitle "EXT 2007"]
[Source "ChessBase"]
[SourceDate "2006.11.23"]
[SourceVersion "1"]
[SourceVersionDate "2006.11.23"]
[SourceQuality "1"]

1. d4 f5 2. Nf3 Nf6 3. Bf4 d6 4. Ng5 h6 5. Nh3 g5 6. Bd2 Nc6 7. d5 Nxd5 8. Bxg5 hxg5 9. Qxd5 e6 10. Qd2 Bg7 11. Nc3 Bf6 12. 0-0-0 Bd7 13. Kb1 Qe7 14. e4 f4 15. Re1 0-0-0 16. f3 Qg7 17. Nf2 Ne5 18. Be2 Bc6 19. Nb5 Bxb5 20. Bxb5 d5 21. Qa5 Kb8 22. Qb4 Rd6 23. b3 Rb6 24. Qa5 a6 25. Be2 Nc4 26. Qa4 Bc3 27. Bxc4 Bxe1 28. Rxe1 Qc3 29. Rd1 dxc4 30. h3 Rc6 31. Rc1 Rd8 32. Nd1 Qd2 33. Nb2 Qxg2 34. Nxc4 Qxh3 35. Ne5 Rcd6 36. Nf7 Qxf3 37. Nxd8 Rxd8 38. Qc4 Rd6 39. Rg1 Rd1+ 40. Rxd1 Qxd1+ 41. Kb2 Qd6 0-1

[Event "Parco del Taro op 1st"]
[Site "Collecchio"]
[Date "2004.03.13"]
[Round "3"]
[White "Taglialatela, Massimiliano"]
[Black "Franco, Antonello"]
[Result "1/2-1/2"]
[WhiteElo "1500"]
[BlackElo "1738"]
[PlyCount "95"]
[EventDate "2004.03.12"]
[EventType "swiss"]
[EventRounds "5"]
[EventCountry "ITA"]
[SourceTitle "EXT 2007"]
[Source "ChessBase"]
[SourceDate "2006.11.23"]
[SourceVersion "1"]
[SourceVersionDate "2006.11.23"]
[SourceQuality "1"]

1. e4 e5 2. Nf3 Nf6 3. Nxe5 d6 4. Nf3 Nxe4 5. d4 d5 6. Bd3 Bd6 7. c4 Bb4+ 8. Nbd2 0-0 9. 0-0 Nxd2 10. Bxd2 Bxd2 11. Qxd2 dxc4 12. Bxc4 Nd7 13. Rfe1 Nb6 14. Bb3 Qd6 15. Ne5 Bd7 16. Qe2 Rad8 17. Qf3 Be6 18. Bxe6 fxe6 19. Qxb7 Qxd4 20. Nf3 Qxb2 21. Qxc7 Rd7 22. Qe5 Qxe5 23. Rxe5 Kf7 24. Rae1 Re8 25. Ng5+ Kf6 26. Nxh7+ Kg6 27. Ng5 Kf6 28. f4 Rd4 29. Nxe6 Rxf4 30. Nxf4 Rxe5 31. Rxe5 Kxe5 32. Ne2 Nd5 33. Kf2 a5 34. Kf3 Nb4 35. Nc1 a4 36. Ke3 Kd5 37. h4 Kc4 38. Kd2 Kd4 39. a3 Nd5 40. g3 Kc4 41. Kc2 Ne3+ 42. Kb2 Nd1+ 43. Kc2 Ne3+ 44. Kb2 Nf5 45. Ne2 Kd3 46. Nf4+ Ke4 47. Nh5 Kf3 48. Nxg7 1/2-1/2